Online
Catalog

Minhat Say de Y.S. de Norzi : (Record no. 38860)

MARC details
000 -CABECERA
campo de control de longitud fija 00955nam a2200217 a 4500
001 - NÚMERO DE CONTROL
campo de control 000039370
005 - FECHA Y HORA DE LA ÚLTIMA TRANSACCIÓN
campo de control 20201002031622.0
008 - DATOS DE LONGITUD FIJA--INFORMACIÓN GENERAL
campo de control de longitud fija 130625s1993 sp 001 0 spa d
020 ## - NÚMERO INTERNACIONAL ESTÁNDAR DEL LIBRO
Número Internacional Estándar del Libro 8400073614
040 ## - FUENTE DE LA CATALOGACIÓN
Centro catalogador/agencia de origen DO-SdBNP
Lengua de catalogación spa
Centro/agencia transcriptor BNPHU
100 1# - ENTRADA PRINCIPAL--NOMBRE DE PERSONA
Nombre de persona Azcárraga Servert, María Josefa de
9 (RLIN) 65569
245 10 - MENCIÓN DE TÍTULO
Título Minhat Say de Y.S. de Norzi :
Resto del título María Josefa de Azcárraga Servert /
Mención de responsabilidad, etc. traducción y anotación crítica por Maía Josefa de Azcárraga Servert.
260 ## - PUBLICACIÓN, DISTRIBUCIÓN, ETC.
Lugar de publicación, distribución, etc. Madrid :
Nombre del editor, distribuidor, etc. Consejo Superior de Investigaciones Científicas, Instituto de Filología,
Fecha de publicación, distribución, etc. 1993.
300 ## - DESCRIPCIÓN FÍSICA
Extensión XI,166 p. ;
Dimensiones 28 cm.
490 1# - MENCIÓN DE SERIE
Mención de serie Textos y Estudios Cardenal Cisneros de la Biblia Políglota Matritense ;
Designación de volumen o secuencia 40
500 ## - NOTA GENERAL
Nota general Incluye índice
504 ## - NOTA DE BIBLIOGRAFÍA, ETC.
Nota de bibliografía, etc. Bibliografía.: p. [211]-221
500 ## - NOTA GENERAL
Nota general Incluye índice
700 1# - PUNTO DE ACCESO ADICIONAL--NOMBRE DE PERSONA
Nombre de persona Azcárraga Servert, María Josefa de,
Término indicativo de función/relación tr.
9 (RLIN) 65569
830 #0 - PUNTO DE ACCESO ADICIONAL DE SERIE-TÍTULO UNIFORME
Título uniforme Textos y Estudios Cardenal Cisneros de la Biblia Políglota Matritense ;
Designación de volumen o secuencia 40
9 (RLIN) 15280
Holdings
Estado de retiro Estado de pérdida Restricciones de uso No para préstamo Código de colección Localización permanente Ubicación/localización actual Ubicación en estantería Fecha de adquisición Número de inventario Total de préstamos Signatura topográfica completa Código de barras Fecha visto por última vez Precio válido a partir de Tipo de ítem Koha
      Excluido de préstamo Monografías: Libros y Folletos General General En catalogación 25.06.2013 LF1   39370-10 25.06.2020 25.06.2020 No se presta

Powered by Koha